| Tag |
First Indicator |
Second Indicator |
Subfields |
| LEADER |
00000cam a2200000 a 4500 |
| 001 |
in00001069393 |
| 005 |
20160226151335.0 |
| 008 |
850216s1982 txua b s00010 eng d |
| 035 |
|
|
|a (OCoLC)11702964
|
| 035 |
|
|
|9 AFM7865AM
|
| 040 |
|
|
|a IKM
|c IKM
|d UtOrBLW
|
| 049 |
|
|
|a IKMd
|a TXAS [tamu]
|
| 086 |
|
|
|a Z TA225.7 In3 no.84-1 Sp-7
|2 txdocs
|
| 090 |
|
|
|a S561.6.T4
|b L5772 1982
|
| 099 |
|
9 |
|a Z
|a TA225.7
|a In3
|a no.84-1
|a Sp-7
|
| 100 |
1 |
|
|a Litzenberg, Kerry K.
|
| 245 |
1 |
4 |
|a The scope of the Texas agricultural input sector :
|b on employment, sales, and buyer concentration /
|c Kerry K. Litzenberg and Mark Hunt.
|
| 264 |
|
1 |
|a College Station, Tex. :
|b Dept. of Agricultural Economics, Texas Agricultural Experiment Station, Texas A&M University System,
|c [1982]
|
| 300 |
|
|
|a 31 unnumbered leaves ;
|c 28 cm.
|
| 336 |
|
|
|a text
|b txt
|2 rdacontent
|
| 337 |
|
|
|a unmediated
|b n
|2 rdamedia
|
| 338 |
|
|
|a volume
|b nc
|2 rdacarrier
|
| 490 |
1 |
|
|a Departmental information report / Department of Agricultural Economics, Texas Agricultural Experiment Station, Texas A&M University System ;
|v DIR 84-1
|
| 490 |
1 |
|
|a Staff paper series / Department of Agricultural Economics, Texas Agricultural Experiment Station, Texas A&M University System ;
|v SP-7
|
| 500 |
|
|
|a "December 1982."
|
| 504 |
|
|
|a Bibliography: leaf [18]
|
| 650 |
|
0 |
|a Agriculture
|x Economic aspects
|z Texas.
|
| 650 |
|
0 |
|a Agricultural industries
|x Economic aspects
|z Texas.
|
| 700 |
1 |
|
|a Hunt, Mark.
|
| 710 |
2 |
|
|a Texas Agricultural Experiment Station.
|b Department of Agricultural Economics.
|
| 830 |
|
0 |
|a Staff paper series (Texas Agricultural Experiment Station. Department of Agricultural Economics) ;
|v SP-7.
|
| 830 |
|
0 |
|a Departmental information report (Texas Agricultural Experiment Station. Department of Agricultural Economics) ;
|v DIR 84-1.
|
| 999 |
|
|
|a MARS
|
| 999 |
f |
f |
|s 883484f2-c972-3ffc-891e-36b651fbf41f
|i 369fdf52-0cc6-38d3-b40c-3cb630941fc9
|t 0
|
| 952 |
f |
f |
|p noncirc
|a Texas A&M University
|b College Station
|c Cushing Memorial Library & Archives
|d Cushing: Texas A&M (Does not check out)
|t 0
|e S561.6.T4 L5772 1982
|h Library of Congress classification
|i unmediated -- volume
|
| 998 |
f |
f |
|a S561.6.T4 L5772 1982
|t 0
|l Cushing: Texas A&M (Does not check out)
|